Giáo trình luật lao động
Khái niệm về luật lao động. Quan hệ pháp luật lao động. Phân tích và nêu ra những quan điểm và nội dung cơ bản nhất về luật lao động
Na minha lista:
| Formato: | Livro |
|---|---|
| Idioma: | Undetermined |
| Publicado em: |
Hà Nội
Trường Đại học Luật
1994
|
| Assuntos: | |
| Tags: |
Adicionar Tag
Sem tags, seja o primeiro a adicionar uma tag!
|
| Thư viện lưu trữ: | Trung tâm Học liệu Trường Đại học Cần Thơ |
|---|
| LEADER | 00736nam a2200181Ia 4500 | ||
|---|---|---|---|
| 001 | CTU_23791 | ||
| 008 | 210402s9999 xx 000 0 und d | ||
| 082 | |a 344.59701 | ||
| 082 | |b Gi108 | ||
| 245 | 0 | |a Giáo trình luật lao động | |
| 260 | |a Hà Nội | ||
| 260 | |b Trường Đại học Luật | ||
| 260 | |c 1994 | ||
| 520 | |a Khái niệm về luật lao động. Quan hệ pháp luật lao động. Phân tích và nêu ra những quan điểm và nội dung cơ bản nhất về luật lao động | ||
| 650 | |a Labor laws and legislation | ||
| 650 | |z Việt Nam | ||
| 904 | |i Nguyễn Quang Điền, Hải | ||
| 980 | |a Trung tâm Học liệu Trường Đại học Cần Thơ | ||